100 aeroportos mais movimentados da Europa - Statistics

Estatísticas Gerais
  • Esse quiz foi jogado 21 vezes
  • A pontuação média é 65 de 100
Estatísticas das Respostas
# Número de Passageiros País Cidade % Correto
15 33.993.746 Grécia Atenas
100%
7 57.483.036 Espanha Barcelona
100%
12 36.420.915 Irlanda Dublin
100%
13 36.126.000 Portugal Lisboa
100%
11 42.771.000 Reino Unido Londres-Gatwick
100%
1 84.463.061 Reino Unido Londres-Heathrow
100%
35 17.562.426 Reino Unido Londres-Luton
100%
5 68.179.054 Espanha Madri
100%
23 27.072.860 Noruega Oslo
100%
3 72.029.407 França Paris-Charles de Gaulle
100%
14 34.928.909 França Paris-Orly
100%
8 51.306.744 Itália Roma-Fiumicino
100%
18 32.559.115 Áustria Viena
100%
4 68.800.000 Holanda Amsterdã
95%
26 24.383.115 Bélgica Bruxelas
95%
19 32.433.694 Dinamarca Copenhague
95%
2 84.457.421 Turquia Istambul
95%
22 30.036.320 Reino Unido Londres-Stansted
95%
20 32.088.712 Reino Unido Manchester
95%
28 24.097.059 Polônia Varsóvia-Chopin
95%
6 63.189.666 Alemanha Frankfurt
89%
87 5.600.000 Reino Unido Liverpool
89%
40 16.937.976 Itália Milão-Bérgamo
89%
55 10.650.990 (2024) Itália Milão-Linate
89%
21 31.385.585 Itália Milão-Malpensa
89%
84 6.557.505 (2024) França Paris-Beauvais
89%
39 16.939.000 Portugal Porto
89%
49 11.847.527 Espanha Valência
89%
25 26.050.740 Alemanha Berlim
84%
32 19.584.000 Hungria Budapeste
84%
27 24.294.277 Suécia Estocolmo
84%
44 13.860.000 Rússia Moscou-Demodedovo
84%
10 43.130.000 Rússia Moscou-Sheremetyevo
84%
41 16.300.000 Rússia Moscou-Vnukovo
84%
9 43.400.000 Alemanha Munique
84%
34 17.750.528 República Tcheca Praga
84%
79 7.062.681 Espanha Bilbao
79%
36 17.005.524 Romênia Bucareste
79%
54 10.723.000 França Lyon
79%
62 9.686.487 Espanha Sevilha
79%
17 32.593.966 Suíça Zurique
79%
91 5.361.456 Luxemburgo Cidade de Luxemburgo
74%
70 8.065.000 (2024) Reino Unido Glasgow
74%
30 20.700.000 Rússia São Petersburgo
74%
60 10.061.969 Malta Valletta / Luqa
74%
99 4.721.563 Croácia Zagreb
74%
52 11.281.542 França Marselha
68%
46 13.271.094 Itália Nápoles
68%
50 11.640.044 Albânia Tirana
68%
51 11.590.356 (2024) Itália Veneza
68%
82 6.681.000 Reino Unido Belfast
63%
59 10.100.000 Alemanha Colônia / Bonn
63%
37 16.980.588 Reino Unido Edimburgo
63%
33 17.848.371 Suíça Genebra
63%
38 16.980.287 Finlândia Helsinque
63%
42 15.230.000 França Nice
63%
77 7.111.000 Letônia Riga
63%
45 13.654.108 Reino Unido Birmingham
58%
47 13.248.355 Polônia Cracóvia
58%
43 14.800.000 Alemanha Hamburgo
58%
24 26.760.549 Espanha Málaga
58%
95 5.006.169 Itália Turim
58%
94 5.113.452 Lituânia Vilnius
58%
67 8.911.987 Sérvia Belgrado
53%
83 6.593.994 (2024) França Bordeaux
53%
85 6.080.431 Moldávia Chisinau
53%
93 5.143.000 (2024) Reino Unido Newcastle
53%
66 9.118.922 Itália Palermo
53%
16 33.806.427 Espanha Palma de Maiorca
53%
69 8.159.461 Islândia Reykjavik
53%
68 8.413.762 Bulgária Sófia
53%
31 19.950.394 Espanha Alicante / Elche
47%
75 7.273.141 (2024) Itália Bari
47%
53 11.138.013 Itália Bolonha
47%
29 21.000.000 Alemanha Düsseldorf
47%
72 7.844.953 (2024) França Toulouse
47%
57 10.479.112 (2024) Reino Unido Bristol
42%
80 6.956.486 Holanda Eindhoven
42%
64 9.569.617 Alemanha Stuttgart
42%
71 7.982.798 Grécia Tessalônica
42%
63 9.631.209 Suíça / França / Alemanha Basileia / Mulhouse / Friburgo
37%
92 5.245.912 Itália Cagliari
37%
58 10.395.000 Portugal Faro
37%
73 7.393.016 Polônia Gdansk
37%
65 9.138.224 Espanha Ibiza
37%
76 7.189.000 França Nantes
37%
48 12.400.000 Itália Catania
32%
88 5.434.878 Suécia Gotemburgo
32%
86 5.964.000 Itália Pisa
32%
90 5.223.745 (2024) Alemanha Hanover
26%
89 5.380.000 Rússia Cazã
16%
100 4.618.810 Grécia Corfu
16%
61 10.033.151 Grécia Heraklion
16%
96 5.000.000 Rússia Kaliningrado
16%
74 7.299.085 Polônia Katowice
16%
78 7.093.264 Grécia Rodes
16%
81 6.704.306 Noruega Bergen
11%
56 10.504.554 (2024) Bélgica Charleroi
11%
98 4.907.527 Polônia Breslávia
5%
97 4.929.715 Rússia Ufa
5%
Nenhum quiz correspondente encontrado
Distribuição das Pontuações
Porcentagem de Pessoas com Cada Pontuação
Percentil de Números Respondidos
Sua Pontuação Histórica
Você não jogou esse quiz